| 000 | 01210cam a2200133 4500500 | ||
|---|---|---|---|
| 005 | 20260405085526.0 | ||
| 041 | _afre | ||
| 042 | _adc | ||
| 100 | 1 | 0 |
_aBelhoste, Bruno _eauthor |
| 245 | 0 | 0 | _aParis savant : Parcours et rencontres au siècle des Lumières |
| 260 |
_bArmand Colin,
_c2022. |
||
| 520 | _aLes savants sont partout dans le Paris des Lumières : académiciens ou curieux passionnés, austères pédagogues ou vulgarisateurs mondains… Jamais les expérimentations, les spectacles, les enseignements et les discussions scientifiques n’avaient suscité une telle passion. Paris, en ce XVIIIe siècle finissant, s’impose comme la « capitale des sciences ». Du Quartier latin à la Chaussée d’Antin, de la barrière d’Enfer au boulevard du Temple, ce livre est une délicieuse invitation à découvrir ce Paris savant. D’amphithéâtres en salons, de laboratoires en cabinets de curiosités, le lecteur croise Buffon, Condorcet, Lavoisier ou encore Diderot, mais aussi tous les autres acteurs de cette grande aventure : mécènes, inventeurs, aventuriers ou artisans… | ||
| 856 | 4 | 1 | _uhttps://shs.cairn.info/paris-savant--9782200634544?lang=fr&redirect-ssocas=7080 |
| 999 |
_c2198287 _d2198287 |
||